Statistieken voor Nederlandse voetbalstadions

Klik hier om de quiz te nemen!

Algemene statistieken

  • Deze quiz is 300 keer genomen
    (112 sinds de laatste reset)
  • De gemiddelde score is 17 van 38

Antwoordstatistieken

ClubDiv.Stadion% Correct
AFC Ajax1Johan Cruijff ArenA
95%
Feyenoord1Stadion Feijenoord
91%
PSV Eindhoven1Philips Stadion
81%
Sparta Rotterdam1Spartastadion Het Kasteel
77%
Jong Ajax2Sportpark De Toekomst
72%
sc Heerenveen1Abe Lenstra Stadion
70%
VVV-Venlo1Covebo Stadion - De Koel -
69%
FC Twente1De Grolsch Veste
69%
Jong AZ2AFAS Trainingscomplex
66%
AZ Alkmaar1AFAS Stadion
66%
SBV Vitesse1GelreDome
66%
FC Utrecht1Stadion Galgenwaard
66%
Jong FC Utrecht2Zoudenbalch
66%
ADO Den Haag1Cars Jeans Stadion
53%
Willem II Tilburg1Koning Willem II Stadion
50%
NAC Breda2Rat Verlegh Stadion
49%
Go Ahead Eagles2De Adelaarshorst
47%
FC Groningen1Hitachi Capital Mobility Stadion
43%
N.E.C.2Goffertstadion
42%
RKC Waalwijk1Mandemakers Stadion
41%
Jong PSV2De Herdgang
40%
De Graafschap2De Vijverberg
39%
FC Emmen1De Oude Meerdijk
33%
PEC Zwolle1MAC3PARK stadion
30%
SC Cambuur Leeuwarden2Cambuurstadion
28%
Roda JC Kerkrade2Parkstad Limburg Stadion
27%
Heracles Almelo1Erve Asito
26%
FC Den Bosch2Stadion De Vliert
25%
SVB Excelsior2Van Donge & De Roo Stadion
23%
Fortuna Sittard1Fortuna Sittard Stadion
20%
FC Volendam2Kras Stadion
20%
MVV Maastricht2De Geusselt
18%
Almere City FC2Yanmar Stadion
16%
FC Eindhoven2Jan Louwers Stadion
15%
Helmond Sport2SolarUnie Stadion
14%
Telstar2Rabobank IJmond Stadion
13%
TOP Oss2Frans Heesenstadion
13%
FC Dordrecht2Riwal Hoogwerkers Stadion
13%

Scoreverdeling

Percentiel versus Aantal Correcte Antwoorden

Procent van Mensen met Elke Score

Uw Scoregeschiedenis

U heeft deze quiz nog niet genomen sinds de laatste reset